Cervantes / (Registro nro. 11484)

Detalles MARC
000 -LIDER
fixed length control field 00676nam a22002777a 4500
001 - NÚMERO DE CONTROL
Identificador de número de control 00593
003 - IDENTIFICACDOR DE NÚMERO DE CONTROL
control field DO-SdBNP
005 - DATE AND TIME OF LATEST TRANSACTION
control field 20180118130214.0
007 - CAMPOS FIJOS DE DESCRIPCIÓN FÍSICA
fixed length control field 00593
008 - ELEMENTOS DE LONGITUD FIJA
fixed length control field 160627b1968 sp ||||| |||| 00| 0 spa d
020 ## - ISBN
International Standard Book Number
040 ## - FUENTE DE CATALOGACIÓN
Agencia que crea de manera original el registro BPMSU
Idioma de catalogación spa
Agencia que realiza la transcripción BPMSU
092 ## - LOCALLY ASSIGNED DEWEY DECIMAL CALL NUMBER
Número de clasificación
Número de ítem (Cutter)
100 1# - ASIENTO PRINCIPAL -- NOMBRE PERSONAL
Nombre personal Del Olmo, D.
245 1# - MENCIÓN DE TITULO
Título Cervantes /
Mención de responsabilidad D. Del Olmo
250 ## - MENCIÓN DE EDICION
Mención de edición Edición integra
260 ## - PUBLICACIÓN, DISTRIBUCIÓN, ETC. (PIE DE IMPRENTA)
Lugar de publicación, distribución, etc Barcelona :
Nombre del editor, distribuidor, etc. Ramón Sopena,
Fecha de publicación, distribución, etc 1968
300 ## - DESCRIPCIÓN FÍSICA
Extensión 130, (15) p. ;
Dimensiones 18 cm.
490 1# - MENCIÓN DE SERIES
Mención de serie
490 1# - MENCIÓN DE SERIES
Mención de serie Biblioteca sopena
Volume/sequential designation 95
830 #0 - ASIENTO SECUNDARIO DE SERIE--TÍTULO UNIFORME
Título uniforme
830 #0 - ASIENTO SECUNDARIO DE SERIE--TÍTULO UNIFORME
Título uniforme Biblioteca sopena
Número de la parte o sección de una obra 95
942 ## - ADDED ENTRY ELEMENTS (KOHA)
Source of classification or shelving scheme Dewey Decimal Classification
Koha item type Libros
945 ## - INFORMACIÓN DE PROCESAMIENTO LOCAL
Información de procesamiento local inventariado, 2018 / dg
956 ## - LOCAL ELECTRONIC LOCATION AND ACCESS (OCLC)
Nombre de host VMATEO
Número de acceso 10
Información de compresión 20160922
Trayectoria 0069
Existencias
Withdrawn status Lost status Source of classification or shelving scheme Damaged status Not for loan Collection code Home library Current library Date acquired Source of acquisition Total Checkouts Barcode Date last seen Price effective from Koha item type
    Dewey Decimal Classification     Colección de Referencia General Biblioteca Pública Metropolitana Salomé Ureña Biblioteca Pública Metropolitana Salomé Ureña 09/22/2016 SELLAR   BPMSU16090465 09/22/2016 09/22/2016 Libros